Datum a čas kvízu
23.5
Celkem bodů
Celkový počet nahraných bodů na tomto kvízu bez doplňovacích otázek.
3.
Pořadí na kvízu
Konečné umístění týmu na tomto kvízu.
Zaznamenané odpovědi
| # | Otázka | Odpověď | Body | Výsledky |
|---|---|---|---|---|
| 1. | Minulý týden jsme se dozvěděli... | Královská opera | 0 | |
| 2. | Jistá evropská metropole se ro... | Berlín | 1 | |
| 3. | Ve čtvrtek vstoupil do kin dlo... | Il Boemo, Josef Mysliveček | 0 | |
| 4. | Jeden z nejznámějších snímků d... | D) Sloupy stvoření | 0 | |
| 5. | Sedmatřicetiletá česká tenistk... | Lucie Hradecká | 1 | |
| 6. | Ve výběru tohoto tématu na vás... | FK Teplice | 0 | |
| 7. | Snímek Padesát odstínů šedi vz... | Stmívání (Twilight) | 0 | |
| 8. | Poznejte podle indicií film, j... | Hotel Modrá hvězda, Nataša Gollová | 0 | |
| 9. | Napište název snímku režiséra... | Rudá volavka (Red Sparrow) | 1 | |
| 10. | Černá kočka, bílý kocour je bl... | Emir Kusturica | 0 |